Statistiques concernant Les 20 plus grandes villes du Puy-de-dôme

Cliquez ici pour prendre le quiz!

Statistiques générales

  • Ce quiz a été pris 165 fois
  • Le résultat moyen est 11 sur 20

Statistiques - réponses

PopulationVille% Correct
147284Clermont-Ferrand
100%
18733Riom
93%
15297Issoire
81%
11470Thiers
79%
17196Chamalières
69%
10581Aubière
64%
20356Cournon d'Auvergne
62%
10630Beaumont
54%
6636Ambert
50%
10385Gerzat
50%
12324Pont du Château
50%
8951Cébazat
49%
8669Lempdes
47%
6283Châtel Guyon
34%
6287Lezoux
32%
7833Romagnat
32%
4790Billom
30%
6338Ceyrat
28%
5525Le Cendre
27%
5188Vic le Comte
23%

Distribution des résultats

Percentile par nombre de réponses

% des personnes avec chaque résultat

Votre développement - résultats

Vous n’avez pas pris ce quiz